01193nam a2200193Ia 4500001001100000003001000011008004100021040002500062041001300087100001800100245010100118250001100219260008700230300001200317500026000329501011400589520026000703650003600963L200-54424IT-CnALBA170116s9999||||xx |||||||||||||| ||und|| aIT-CnALBAcIT-CnALBA aITALIANO aGIRARD RENÈ 0aDELLE COSE NASCOSTE FIN DALLA FONDAZIONE DEL MONDO. RICERCHE CON J. M. OUGHOURLIAN E G. LEFORT.  a2a ed. aMILANObADELPHI - EDIZIONI, S.P.A. c1996 [1° Ed.:1983 - Ed.Ling.Originale: 1978] a548 p.  aTRADUZIONE DAL FRANCESE. ANTROPOLOGIA FONDAMENTALE. IL MECCANISMO VITTIMARIO, FONDAMENTO DEL RELIGIOSO. GENESI DELLA CULTURA E ISTITUZIONI. IL PROCESSO DI OMINIZZAZIONE. MITI, IL LINCIAGGIO FONDATORE CAMUFFATO. I TESTI DI PERSECUZIONE. LA SCRITTURA GIUDEO aSocietà San Paolo EM - Piazza San Paolo, 14 - 12051 ALBA (CN) (non commercial uses only) ® Copyright 2017 aTRADUZIONE DAL FRANCESE. ANTROPOLOGIA FONDAMENTALE. IL MECCANISMO VITTIMARIO, FONDAMENTO DEL RELIGIOSO. GENESI DELLA CULTURA E ISTITUZIONI. IL PROCESSO DI OMINIZZAZIONE. MITI, IL LINCIAGGIO FONDATORE CAMUFFATO. I TESTI DI PERSECUZIONE. LA SCRITTURA GIUDEO aRELIGIONE - RELIGIONE CRISTIANA